History of the conquest of México (Record no. 2639)

MARC details
000 -CABECERA
campo de control de longitud fija 00684nam a2200217 a 4500
001 - NÚMERO DE CONTROL
campo de control BRCA_2900
005 - FECHA Y HORA DE LA ÚLTIMA TRANSACCIÓN
campo de control 20190320204024.0
008 - DATOS DE LONGITUD FIJA--INFORMACIÓN GENERAL
campo de control de longitud fija 111208s1901----enka---###---#000-0#eng-u
050 #4 - SIGNATURA TOPOGRÁFICA DE LA BIBLIOTECA DEL CONGRESO
Número de clasificación F1230
Número de documento/Ítem .P74 1901
100 1# - ENTRADA PRINCIPAL--NOMBRE DE PERSONA
Nombre de persona Prescott, William Hickling
Fechas asociadas al nombre 1796-1859
9 (RLIN) 8071
245 10 - MENCIÓN DE TÍTULO
Título History of the conquest of México
Mención de responsabilidad, etc. by William H. Prescott ; ed. by John Foster Kirk.
260 ## - PUBLICACIÓN, DISTRIBUCIÓN, ETC.
Lugar de publicación, distribución, etc. London
Nombre del editor, distribuidor, etc. G. Bell
Fecha de publicación, distribución, etc. 1901
300 ## - DESCRIPCIÓN FÍSICA
Extensión 2 v.
Otras características físicas il.
Dimensiones 19 cm.
500 ## - NOTA GENERAL
Nota general Incluye lista alfabética de libros.
500 ## - NOTA GENERAL
Nota general B32
600 14 - PUNTO DE ACCESO ADICIONAL DE MATERIA--NOMBRE DE PERSONA
Nombre de persona Cortes, Hernando
Fechas asociadas al nombre 1485-1547
9 (RLIN) 8072
651 #4 - PUNTO DE ACCESO ADICIONAL DE MATERIA--NOMBRE GEOGRÁFICO
Nombre geográfico México
Subdivisión general Historia
9 (RLIN) 614
700 1# - PUNTO DE ACCESO ADICIONAL--NOMBRE DE PERSONA
Nombre de persona Foster Kirk, John
Fechas asociadas al nombre 1824-1904
Término indicativo de función/relación ed
9 (RLIN) 8073
902 ## - CATALOGADOR
Iniciales GFM
942 ## - ELEMENTOS DE PUNTO DE ACCESO ADICIONAL (KOHA)
Fuente del sistema de clasificación o colocación Library of Congress Classification
Tipo de ítem Koha Libros
Holdings
Estado de retiro Estado de pérdida Estado dañado No para préstamo Localización permanente Ubicación/localización actual Fecha de adquisición Número de inventario Total de préstamos Signatura topográfica completa Código de barras Fecha visto por última vez Precio válido a partir de Tipo de ítem Koha
El ejemplar forma parte de la colección y puede ser consultado según las políticas vigentes.       Biblioteca del Museo Franz Mayer (Rogerio Casas-Alatriste) Biblioteca del Museo Franz Mayer (Rogerio Casas-Alatriste) 11/12/2008 B32   F1230 .P74 1901 (B32) 2897 22/03/2019 22/03/2019 Libros